LEADER 01299cam--2200421---450- 001 990002455610203316 005 20131001101215.0 010 $a88-464-5631-9 035 $a000245561 035 $aUSA01000245561 035 $a(ALEPH)000245561USA01 035 $a000245561 100 $a20050727d2004----km-y0itay50------ba 101 0 $aita 102 $aIT 105 $ay|||z|||001yy 200 1 $aStoria dell'archivistica italiana$edal mondo antico alla metà del secolo XX$fElio Lodolini 205 $a3. ed 210 $aMilano$cAngeli$d2004 215 $a316 p.$d23 cm 225 2 $aTemi di storia$v23 410 0$12001$aTemi di storia$v23 606 0 $aArchivistica$xStoria$2BNCF 676 $a025.171409 700 1$aLODOLINI,$bElio$0169095 801 0$aIT$bsalbc$gISBD 912 $a990002455610203316 951 $aI.3.B. 28b(XIII B 181)$b177396 L.M.$cI.3.$d00115162 959 $aBK 969 $aUMA 979 $aCOPAT1$b90$c20050727$lUSA01$h0832 979 $aCOPAT1$b90$c20050804$lUSA01$h1731 979 $aRENATO$b90$c20051103$lUSA01$h1100 979 $aCHIARA$b90$c20060127$lUSA01$h1251 979 $aCOPAT6$b90$c20070424$lUSA01$h1624 979 $aANNAMARIA$b90$c20131001$lUSA01$h1012 996 $aStoria dell'archivistica italiana$9230790 997 $aUNISA LEADER 02153nam0 22005053i 450 001 VAN0249313 005 20230530100725.286 017 70$2N$a9783030613983 100 $a20220829d2020 |0itac50 ba 101 $aeng 102 $aCH 105 $a|||| ||||| 200 1 $aGeometry and its Applications in Arts, Nature and Technology$fGeorg Glaeser 205 $a2. ed 210 $aCham$cSpringer$d2020 215 $axiv, 698 p.$cill.$d24 cm 500 1$3VAN0249314$aGeometry and its Applications in Arts, Nature and Technology$92547560 606 $a00A05$xMathematics in general [MSC 2020]$3VANC021796$2MF 606 $a00A69$xGeneral applied mathematics [MSC 2020]$3VANC022597$2MF 606 $a51M04$xElementary problems in Euclidean geometries [MSC 2020]$3VANC023703$2MF 606 $a00A66$xMathematics and visual arts [MSC 2020]$3VANC031202$2MF 606 $a00A09$xPopularization of mathematics [MSC 2020]$3VANC031203$2MF 606 $a00A67$xMathematics and architecture [MSC 2020]$3VANC033543$2MF 610 $aAstronomy$9KW:K 610 $aFreehand drawing$9KW:K 610 $aGeometric projections$9KW:K 610 $aGeometry in nature$9KW:K 610 $aGeometry in photography$9KW:K 610 $aKinematics$9KW:K 610 $aOptical illusion$9KW:K 610 $aPerspective$9KW:K 610 $aSpace curves$9KW:K 610 $aSurfaces$9KW:K 610 $aTessellations$9KW:K 620 $aCH$dCham$3VANL001889 700 1$aGlaeser$bGeorg$3VANV089356$031804 712 $aSpringer $3VANV108073$4650 801 $aIT$bSOL$c20240614$gRICA 856 4 $uhttp://doi.org/10.1007/978-3-030-61398-3$zE-book ? Accesso al full-text attraverso riconoscimento IP di Ateneo, proxy e/o Shibboleth 899 $aBIBLIOTECA DEL DIPARTIMENTO DI MATEMATICA E FISICA$1IT-CE0120$2VAN08 912 $fN 912 $aVAN0249313 950 $aBIBLIOTECA DEL DIPARTIMENTO DI MATEMATICA E FISICA$d08CONS e-book 4683 $e08eMF4683 20220829 996 $aGeometry and its applications in arts, nature and technology$92547560 997 $aUNICAMPANIA